Doom

Wedi'i Gadw mewn:
Manylion Llyfryddiaeth
Prif Awdur: Gerhardie, William, 1895-1977
Fformat: Llyfr
Iaith:English
Cyhoeddwyd: London, Macdonald & Co., 1974.
Cyfres:Definitive revised editions of the works of William Gerhardie
LEADER 01189nam a2200289 a 4500
001 c000137955
003 CARM
005 19901205000000.0
008 740820r19741928enk 000 1 eng
010 |a 74174567 //r83 
015 |a GB74-04160 
019 1 |a 335437  |z 40391961  |z 43640755  |z 58084064  |5 LACONCORD2021 
020 |a 0356045943 
035 |a (OCoLC)3241560  |5 LACONCORD2021 
040 |a LC  |b eng  |c LC  |d 2509 
050 0 0 |a PZ3.G3141  |b Do  |a PR6013.E75 
082 0 4 |a 823/.9/12 
100 1 |a Gerhardie, William,  |d 1895-1977. 
240 1 0 |a Eva's apples 
245 1 0 |a Doom  |c [by] William Gerhardie; preface by Michael Holroyd. 
260 |a London,  |b Macdonald & Co.,  |c 1974. 
300 |a 275 p.  |c 21 cm. 
490 0 |a Definitive revised editions of the works of William Gerhardie 
500 |a First published in 1928, in London under title: Jazz and Jasper, and in New York under title: Eva's apples. Republished in 1947 under title: My sinful earth. 
852 8 |b CARM  |h A2:AG34B0  |i B03340  |p 0158294  |f BK 
999 f f |i 9bd8545a-5539-53d6-8b2c-de1ef78da712  |s c3fe67bd-1bae-5e55-9425-555667c69b11 
952 f f |p Can circulate  |a CAVAL  |b CAVAL  |c CAVAL  |d CARM 1 Store  |e B03340  |f A2:AG34B0  |h Other scheme  |i book  |m 0158294